| 000 | 00676cam a2200193 4500 | ||
|---|---|---|---|
| 001 | WB3639-11 | ||
| 008 | 000000n2000 000 0 eng u | ||
| 035 | _a(Sirsi) u108604 | ||
| 245 | _aRace for space puts pressure on developers | ||
| 260 | _c2000 | ||
| 490 |
_aYorkshire Post _v 28 September 2000, 22(1) |
||
| 520 | _aConsiders DTZ's contention that, for differing reasons, the majority of the UK's larger regional centres are still constrained by a lack of speculative development. | ||
| 590 | _aWB | ||
| 650 | _aDTZ DEBENHAM TIE LEUNG | ||
| 650 | _aSPECULATIVE DEVELOPMENT | ||
| 650 | _aREGIONAL CENTRES | ||
| 690 | _aPROPERTY-PROPERTY DEVELOPMENT | ||
| 942 | _n0 | ||
| 999 |
_c64832 _d64832 |
||